| 000 | 00833nam a2200229 a 4500 | ||
|---|---|---|---|
| 001 | 43975 | ||
| 003 | BD-RjUL | ||
| 005 | 20211209053759.0 | ||
| 008 | 160630r19821967ii ||||| |||| 00| 0 ben d | ||
| 020 | _c: Tk. 6.00 | ||
| 035 | _a(BD-RjUL)44093 | ||
| 040 |
_aBD-RjUL _bben _cBD-RjUL |
||
| 041 | _aben | ||
| 082 |
_223 _a321.8 _bDUG 1982 |
||
| 100 |
_aদত্ত, অম্লান. _9119885 |
||
| 245 | 1 | 0 |
_aগণযুগ ও গণতন্ত্র / _cঅম্লান দত্ত, |
| 260 |
_aকলকাতা : _bআনন্দ পাবলিশার্স প্রাইভেট লিমিটেড, _c১৯৬৭, [ মুদ্রণ ১৯৮২ ] |
||
| 300 |
_a৪৯ পৃ. ; _c২১ সেমি. |
||
| 650 |
_aগণতন্ত্র _9135073 |
||
| 650 |
_aDemocracy. _9135074 |
||
| 942 |
_2ddc _cBK |
||
| 999 |
_c43975 _d43975 |
||